[Event "EU-ch Online U2300 Qual"]
[Site "Chess.com INT"]
[Date "2020.05.25"]
[Round "2"]
[White "Grutter, Tim"]
[Black "Krivenko, Sergey"]
[Result "1/2-1/2"]
[WhiteElo "2253"]
[BlackElo "2279"]
[PlyCount "113"]
[EventDate "2020.05.25"]
[EventType "swiss"]
[EventRounds "8"]
[EventCountry "NET"]
[SourceTitle "EXT 2021"]
[Source "ChessBase"]
[SourceDate "2020.10.23"]
[SourceVersion "1"]
[SourceVersionDate "2020.10.23"]
[SourceQuality "1"]

1. c4 c6 2. Nf3 d5 3. e3 Nf6 4. Nc3 g6 5. Be2 Bg7 6. 0-0 0-0 7. b3 Bf5 8. Bb2 dxc4 9. bxc4 Bd3 10. Nd4 Bxe2 11. Qxe2 e5 12. Nb3 Na6 13. Rfd1 Re8 14. d3 Qe7 15. a4 Rad8 16. Ba3 Qe6 17. Rab1 b6 18. a5 Nc7 19. Na4 Nd7 20. axb6 axb6 21. Nxb6 Nxb6 22. Nc5 Qc8 23. Rxb6 Ne6 24. Rdb1 Nxc5 25. Bxc5 Qd7 26. R1b3 e4 27. d4 Rc8 28. Rb7 Rc7 29. Qb2 h5 30. Rxc7 Qxc7 31. Rb7 Qa5 32. h3 Qxc5 33. dxc5 Bxb2 34. Rxb2 Kg7 35. Rd2 Re5 36. Rd4 h4 37. Kf1 f5 38. Ke2 Rxc5 39. f3 exf3+ 40. gxf3 g5 41. Kd3 Ra5 42. Rd7+ Kf8 43. Rd6 Ra3+ 44. Kd4 c5+ 45. Kxc5 Ke7 46. Rg6 Rxe3 47. Rxg5 Rxf3 48. Rh5 Rxh3 49. Rxf5 Rh1 50. Rh5 h3 51. Kc6 h2 52. c5 Kd8 53. Rh8+ Ke7 54. Rh6 Kf7 55. Kc7 Rc1 56. Rxh2 Rxc5+ 57. Kd6 1/2-1/2

[Event "EU-ch rapid"]
[Site "Tallinn"]
[Date "2019.12.05"]
[Round "3"]
[White "Krivenko, Sergey"]
[Black "Mustaps, Matiss"]
[Result "1-0"]
[WhiteElo "2233"]
[BlackElo "2435"]
[PlyCount "149"]
[EventDate "2019.12.05"]
[EventType "swiss"]
[EventRounds "13"]
[EventCountry "EST"]
[SourceTitle "CBM 193 Extra"]
[Source "ChessBase"]
[SourceDate "2020.01.31"]
[SourceVersion "1"]
[SourceVersionDate "2020.01.31"]
[SourceQuality "1"]

1. d4 Nf6 2. Bg5 e6 3. e4 c5 4. d5 h6 5. Bxf6 Qxf6 6. Nc3 g6 7. Nf3 Bg7 8. Nb5 0-0 9. Nc7 Qxb2 10. Rb1 Qxa2 11. Nxa8 exd5 12. exd5 Bc3+ 13. Nd2 Re8+ 14. Be2 Qxd5 15. Nc7 Qxg2 16. Rf1 Re5 17. Nb5 Ba5 18. c3 d5 19. Nd6 Bh3 20. Qb3 Bg4 21. N2e4 Rxe4 22. Nxe4 Bxe2 23. Nf6+ Kg7 24. Ne8+ Kf8 25. Kxe2 Qe4+ 26. Kd2 d4 27. Qxf7+ Kxf7 28. Nd6+ Ke6 29. Nxe4 Kd5 30. f3 b6 31. Kc2 Nc6 32. Rbd1 Kc4 33. cxd4 cxd4 34. Nd6+ Kd5 35. Nf7 Bc3 36. Nxh6 Kc4 37. Ng4 a5 38. f4 Nb4+ 39. Kb1 a4 40. Ne5+ Kb3 41. Nd3 Nxd3 42. Rxd3 b5 43. f5 gxf5 44. Rxf5 b4 45. h4 a3 46. Rf2 Kc4 47. Rh3 b3 48. h5 d3 49. Rf4+ Kc5 50. Ra4 a2+ 51. Rxa2 bxa2+ 52. Kxa2 Kc4 53. Kb1 Bh8 54. Kc1 Kd4 55. Kd2 Ke4 56. Rxd3 Kf5 57. Rd5+ Kf6 58. Kd3 Kg7 59. Ke4 Kh6 60. Kf4 Bb2 61. Kg4 Bc1 62. Rd1 Be3 63. Rd6+ Kh7 64. Kf5 Bc1 65. Rd1 Be3 66. Ke4 Bg5 67. Kf3 Kh6 68. Kg4 Be3 69. Rd6+ Kh7 70. Kf5 Bc1 71. h6 Bxh6 72. Rd7+ Bg7 73. Kg5 Kg8 74. Kg6 Kh8 75. Rd8+ 1-0

[Event "Pardubice Czech op-A 27th"]
[Site "Pardubice"]
[Date "2016.07.29"]
[Round "8"]
[White "Majer, Jiri"]
[Black "Krivenko, Sergey"]
[Result "1/2-1/2"]
[WhiteElo "2188"]
[BlackElo "2354"]
[PlyCount "31"]
[EventDate "2016.07.22"]
[EventType "swiss"]
[EventRounds "9"]
[EventCountry "CZE"]
[SourceTitle "CBM 173 Extra"]
[Source "ChessBase"]
[SourceDate "2016.08.29"]
[SourceVersion "1"]
[SourceVersionDate "2016.08.29"]
[SourceQuality "1"]

1. d4 e6 2. Nf3 Nf6 3. g3 c5 4. Bg2 cxd4 5. Nxd4 d5 6. 0-0 e5 7. Nb3 Nc6 8. Bg5 Be6 9. Nc3 d4 10. Ne4 Be7 11. Nxf6+ Bxf6 12. Bxf6 Qxf6 13. Nc5 Bc8 14. e3 0-0 15. exd4 exd4 16. Qf3 1/2-1/2

[Event "Pardubice Czech op-A 27th"]
[Site "Pardubice"]
[Date "2016.07.27"]
[Round "6"]
[White "Richterova, Natasa"]
[Black "Krivenko, Sergey"]
[Result "1-0"]
[WhiteElo "2191"]
[BlackElo "2354"]
[PlyCount "65"]
[EventDate "2016.07.22"]
[EventType "swiss"]
[EventRounds "9"]
[EventCountry "CZE"]
[SourceTitle "CBM 173 Extra"]
[Source "ChessBase"]
[SourceDate "2016.08.29"]
[SourceVersion "1"]
[SourceVersionDate "2016.08.29"]
[SourceQuality "1"]

1. e4 c5 2. Nf3 Nc6 3. Bb5 g6 4. 0-0 Bg7 5. c3 Nf6 6. Re1 0-0 7. d4 Qb6 8. a4 cxd4 9. cxd4 a6 10. Bc4 d6 11. h3 Nd7 12. d5 Na5 13. Nbd2 Nc5 14. Rb1 Qb4 15. b3 Bd7 16. Bf1 Rac8 17. Re3 e6 18. Ne1 exd5 19. Nc2 Qb6 20. b4 Nxa4 21. bxa5 Qc7 22. Nb4 Nc3 23. Rxc3 Qxc3 24. Bb2 Qc5 25. Bxg7 Kxg7 26. Nxd5 Qxa5 27. Rxb7 Rcd8 28. Nc4 Qc5 29. Rc7 Qb5 30. Qd4+ Kh6 31. Qd2+ Kg7 32. Qc3+ Kh6 33. Nce3 1-0

[Event "Pardubice op rapid 27th"]
[Site "Pardubice"]
[Date "2016.07.21"]
[Round "8"]
[White "Krivenko, Sergey"]
[Black "Movsesian, Sergei"]
[Result "0-1"]
[WhiteElo "2354"]
[BlackElo "2666"]
[PlyCount "78"]
[EventDate "2016.07.20"]
[EventType "swiss (rapid)"]
[EventRounds "9"]
[EventCountry "CZE"]
[SourceTitle "CBM 173 Extra"]
[Source "ChessBase"]
[SourceDate "2016.08.29"]
[SourceVersion "1"]
[SourceVersionDate "2016.08.29"]
[SourceQuality "1"]

1. d4 Nf6 2. c4 d6 3. Nc3 Nbd7 4. Nf3 e5 5. e4 c6 6. Be2 g6 7. 0-0 Bg7 8. h3 0-0 9. Be3 exd4 10. Nxd4 Re8 11. Qc2 Nc5 12. f3 Nh5 13. Rfd1 Be5 14. Bf1 a5 15. Nxc6 bxc6 16. Bxc5 Qg5 17. Bd4 Bxh3 18. Bxe5 dxe5 19. Qd2 Nf4 20. Kh2 Be6 21. g3 Rad8 22. Qf2 Nh5 23. Rxd8 Rxd8 24. Rd1 Rd4 25. g4 Nf4 26. Rxd4 exd4 27. Ne2 Bxc4 28. Nxd4 Bxf1 29. Qxf1 Qh4+ 30. Kg1 Qg3+ 31. Kh1 Nh3 32. Qg2 Qe1+ 33. Kh2 Nf4 34. Qc2 c5 35. Nc6 Qh4+ 36. Kg1 Qg3+ 37. Kf1 Qxf3+ 38. Ke1 Ng2+ 39. Kd2 Qe3+ 0-1

[Event "Moscow-chT GpA"]
[Site "Moscow"]
[Date "2013.09.22"]
[Round "2.2"]
[White "Geivondian, Arman"]
[Black "Krivenko, Sergey"]
[Result "0-1"]
[WhiteElo "2253"]
[BlackElo "2295"]
[PlyCount "134"]
[EventDate "2013.09.21"]
[EventType "team-swiss"]
[EventRounds "7"]
[EventCountry "RUS"]
[SourceTitle "CBM 156 Extra"]
[Source "ChessBase"]
[SourceDate "2013.10.22"]
[SourceVersion "1"]
[SourceVersionDate "2013.10.22"]
[SourceQuality "1"]
[WhiteTeam "Karpov Chess School"]
[BlackTeam "Navigator"]
[WhiteTeamCountry "RUS"]
[BlackTeamCountry "RUS"]

1. d4 d5 2. c4 e6 3. Nc3 c6 4. cxd5 exd5 5. Qc2 Na6 6. a3 Nc7 7. Nf3 Nf6 8. Bg5 g6 9. e3 Ne6 10. Bd3 Ng7 11. b4 Be7 12. Bh4 a6 13. 0-0 Bf5 14. Ne5 0-0 15. Rab1 Nd7 16. Bxe7 Qxe7 17. Nxd7 Qxd7 18. Na4 Bxd3 19. Qxd3 Qe7 20. Nc5 Nf5 21. Rfe1 Nd6 22. Re2 Rfe8 23. Rbe1 Qc7 24. e4 dxe4 25. Nxe4 Nxe4 26. Rxe4 Rxe4 27. Rxe4 a5 28. Qc3 Qb6 29. Qc5 Qxc5 30. bxc5 f5 31. g4 Rd8 32. gxf5 gxf5 33. Re7 Rxd4 34. Rxb7 Rc4 35. Kg2 Rxc5 36. Ra7 h6 37. f3 Kf8 38. Kg3 Rd5 39. h4 Ke8 40. Rh7 Rd6 41. Ra7 Rd5 42. Rh7 c5 43. Kf4 Rd4+ 44. Kxf5 Rxh4 45. f4 Rh3 46. a4 Ra3 47. Ke6 Kf8 48. Kf6 Ke8 49. Ke6 Re3+ 50. Kd5 Rf3 51. f5 c4 52. Rxh6 c3 53. Ke6 Re3+ 54. Kf6 Re4 55. Rh8+ Kd7 56. Rh7+ Kd6 57. Rh8 Rc4 58. Rh1 Rxa4 59. Rd1+ Kc5 60. Ke5 Ra2 61. Ke4 Rd2 62. Rf1 c2 63. f6 Rd1 64. Rf5+ Kc4 65. f7 Re1+ 66. Kf3 Rf1+ 67. Kg4 Rxf5 0-1

[Event "Izhevsk Corporation Cup 5th"]
[Site "Izhevsk"]
[Date "2013.07.17"]
[Round "6"]
[White "Postnikov, Daniil"]
[Black "Krivenko, Sergey"]
[Result "1-0"]
[WhiteElo "2178"]
[BlackElo "2338"]
[PlyCount "83"]
[EventDate "2013.07.11"]
[EventType "swiss"]
[EventRounds "9"]
[EventCountry "RUS"]
[SourceTitle "EXT 2014"]
[Source "ChessBase"]
[SourceDate "2013.11.20"]
[SourceVersion "1"]
[SourceVersionDate "2013.11.20"]
[SourceQuality "1"]

1. e4 e6 2. d4 d5 3. Nc3 Bb4 4. e5 c5 5. a3 Ba5 6. b4 cxd4 7. Nb5 Bc7 8. f4 Bd7 9. Qg4 Kf8 10. Nf3 Nh6 11. Qh3 a5 12. Rb1 axb4 13. Nfxd4 Bb6 14. axb4 Bxb5 15. Nxb5 Nf5 16. Bd3 Nd4 17. Nd6 Ra2 18. Kd1 Qc7 19. Bd2 h5 20. f5 exf5 21. c3 Ndc6 22. Qxf5 Qd7 23. Rf1 Qxf5 24. Rxf5 Nd8 25. Nxf7 Nxf7 26. e6 Ke7 27. Rxf7+ Kxe6 28. Rxb7 Bg1 29. Ke2 Bxh2 30. Rf1 Be5 31. Bg6 Kd6 32. Kd3 h4 33. Rff7 h3 34. Be3 d4 35. Be4 Ke6 36. cxd4 Ra3+ 37. Ke2 Bf6 38. Bf4 Rd8 39. d5+ Rxd5 40. Bxd5+ Kxd5 41. Bxb8 hxg2 42. Bh2 1-0

[Event "Izhevsk Corporation Cup 5th"]
[Site "Izhevsk"]
[Date "2013.07.16"]
[Round "5"]
[White "Krivenko, Sergey"]
[Black "Vaseptsov, Maxim"]
[Result "1-0"]
[WhiteElo "2338"]
[BlackElo "2207"]
[PlyCount "87"]
[EventDate "2013.07.11"]
[EventType "swiss"]
[EventRounds "9"]
[EventCountry "RUS"]
[SourceTitle "EXT 2014"]
[Source "ChessBase"]
[SourceDate "2013.11.20"]
[SourceVersion "1"]
[SourceVersionDate "2013.11.20"]
[SourceQuality "1"]

1. c4 Nf6 2. Nc3 e6 3. e4 d5 4. e5 d4 5. exf6 dxc3 6. bxc3 Qxf6 7. Nf3 e5 8. Bd3 Nc6 9. 0-0 Bc5 10. Be4 0-0 11. Qc2 h6 12. Rb1 Re8 13. Re1 Bd7 14. d3 Rad8 15. Rb5 b6 16. Be3 Bf8 17. Qb1 Na5 18. Rb2 c6 19. Nd2 Qe6 20. g3 f5 21. Bg2 f4 22. Bxf4 Qg6 23. Be3 Ba3 24. Rb3 Nxb3 25. axb3 Bf8 26. Qa1 Qd6 27. Be4 Ra8 28. b4 Qc7 29. Qa2 Kh8 30. Nf3 Be7 31. Qd2 Qd6 32. Ra1 Rf8 33. c5 Qe6 34. cxb6 axb6 35. Re1 Ra2 36. Qc1 Be8 37. d4 exd4 38. Bxd4 Qd6 39. Be5 Qe6 40. Bb1 Bg5 41. Nxg5 Rfxf2 42. Bxg7+ Kg8 43. Rxe6 Rg2+ 44. Kf1 1-0

[Event "Chigorin Memorial 20th"]
[Site "St Petersburg"]
[Date "2012.11.04"]
[Round "9"]
[White "Yagupov, Igor"]
[Black "Krivenko, Sergey"]
[Result "0-1"]
[WhiteElo "2465"]
[BlackElo "2341"]
[PlyCount "80"]
[EventDate "2012.10.27"]
[EventType "swiss"]
[EventRounds "9"]
[EventCountry "RUS"]
[SourceTitle "EXT 2013"]
[Source "ChessBase"]
[SourceDate "2012.11.22"]
[SourceVersion "1"]
[SourceVersionDate "2012.11.22"]
[SourceQuality "1"]

1. e4 c5 2. Nf3 d6 3. d4 cxd4 4. Nxd4 Nf6 5. Nc3 a6 6. Be3 e6 7. f3 b5 8. Qd2 Bb7 9. g4 Nfd7 10. 0-0-0 Nb6 11. Nb3 Nc6 12. Qf2 Nd7 13. h4 Rc8 14. Kb1 Nce5 15. Bd4 Qc7 16. Bd3 Nc5 17. Qg3 Nexd3 18. cxd3 b4 19. Nxc5 bxc3 20. Bxc3 Qxc5 21. g5 Qb5 22. Ka1 a5 23. h5 a4 24. Rd2 Rc5 25. Rg1 Qc6 26. Qe1 h6 27. g6 f6 28. d4 Rc4 29. d5 Qc8 30. Rd4 Be7 31. Qe2 Ba6 32. Qd2 e5 33. Rxc4 Qxc4 34. Bb4 Qd4 35. Qc1 0-0 36. a3 Rc8 37. Qe1 Rc2 38. Bc3 Qc4 39. Qe3 Qb3 40. Kb1 Rxb2+ 0-1